La promocin̤ internacional para productos y servicios

Detalles Bibliográficos
Autor principal: Sulser Valdž, Rosario Alejandra
Formato: eBook
Lenguaje:español
Publicado: Mx̌ico D.F. : Ediciones Fiscales ISEF, 2005
Materias:
Acceso en línea:http://www.vlex.com/source/11010

MARC

LEADER 00000nam a22000007a 4500
005 20130405143311.0
007 cr|||| ||||
008 130405e2005 mx |||||s|||| 00||0 spa d
020 |a 970-676-749-5 
035 |a 11010 
040 |a vLex 
090 |c 4145  |d 4145 
100 1 0 |a Sulser Valdž, Rosario Alejandra  
245 1 3 |a La promocin̤ internacional para productos y servicios  |c / Rosario Alejandra Sulser Valdž, Jos ̌Enrique Pedroza Escandn̤   |h [Recurso electrn̤ico] 
256 |a Servicio en ln̕ea 
260 |a Mx̌ico D.F. :  |b Ediciones Fiscales ISEF,   |c 2005 
300 |a 1 Recurso electrn̤ico 
506 |a Contenido solo disponible en los productos indicados  |d vLex Global  |d vLex Global (Academic Edition, excluding Law Schools)  |d vLex Global (U.S. Academic Edition, Law Schools)  |d vLex Global (U.S. Academic Edition, excluding Law Schools)  |d vLex Global (Academic Edition, Law Schools) 
650 0 4 |a Comercio internacional 
650 0 4 |a Marketing 
650 0 4 |a Administracin̤ (Management) 
740 |a vLex Libros (Servicio en ln̕ea) 
856 |a Acceso restringido  |u http://www.vlex.com/source/11010 
942 |c BOOK 
999 0 |a International trade